| 000 | 01583nac a22003251i 4500 | ||
|---|---|---|---|
| 003 | EG-ScBUE | ||
| 005 | 20250518085601.0 | ||
| 008 | 250423s1985 enka f b 001 0 eng d | ||
| 020 | _a0521304296 | ||
| 040 |
_aEG-ScBUE _beng _erda _cEG-ScBUE _dEG-ScBUE |
||
| 082 | 0 | 4 |
_a531 _bOLE _222 |
| 100 | 1 |
_aOlenick, Richard P., _eauthor. |
|
| 245 | 1 | 4 |
_aThe mechanical universe : _bintroduction to mechanics and heat / _cRichard P. Olenick, assistant professor of physics, University of Dallas, visiting associate, California Institute of Technology, Tom M. Apostol, professor of Mathematics, California Institute of Technology, David L. Goodstein, professor of physics and applied physics, California Institute of Technology and project director, the Mechanical Universe. |
| 264 | 1 |
_aCambridge : _bCambridge University Press, _c1985. |
|
| 300 |
_axvii, 584 pages : _billustrations (some color) ; _c24 cm |
||
| 336 |
_2rdacontent _atext _btxt |
||
| 337 |
_aunmediated _2rdamedia _bn |
||
| 338 |
_avolume _bnc _2rdacarrier |
||
| 500 | _aTo be used with the Mechanical universe television series. | ||
| 500 | _aIncludes Appendices. | ||
| 504 | _aIncludes bibliographical references and index. | ||
| 650 | 7 |
_aMechanics. _2BUEsh |
|
| 650 | 7 |
_aHeat. _2BUEsh |
|
| 650 | 7 |
_aPhysics _xStudy and teaching (Higher) _zUnited States _xAudio-visual aids. _2BUEsh |
|
| 655 | _vReading book | ||
| 700 | 1 |
_aApostol, Tom M., _eauthor. |
|
| 700 | 1 |
_aGoodstein, David L., _d1939-, _eauthor. |
|
| 856 | 4 | 2 |
_3Publisher description _uhttp://www.loc.gov/catdir/description/cam031/85012835.html |
| 942 |
_cBB _2ddc |
||
| 999 |
_c3878 _d3878 |
||